<?xml version="1.0" encoding="UTF-8"?>
<collection xmlns="http://www.loc.gov/MARC21/slim">
 <record>
  <leader>01632nab a2200241 i 4500</leader>
  <controlfield tag="001">acta71007</controlfield>
  <controlfield tag="005">20220720111057.0</controlfield>
  <controlfield tag="008">210106s2020    hu      o     0||   eng d</controlfield>
  <datafield tag="022" ind1=" " ind2=" ">
   <subfield code="a">1416-7263</subfield>
  </datafield>
  <datafield tag="024" ind1="7" ind2=" ">
   <subfield code="a">10.14232/actahisp.2020.0.609-616</subfield>
   <subfield code="2">doi</subfield>
  </datafield>
  <datafield tag="040" ind1=" " ind2=" ">
   <subfield code="a">SZTE Egyetemi Kiadványok Repozitórium</subfield>
   <subfield code="b">hun</subfield>
  </datafield>
  <datafield tag="041" ind1=" " ind2=" ">
   <subfield code="a">eng</subfield>
  </datafield>
  <datafield tag="100" ind1="1" ind2=" ">
   <subfield code="a">Tóth Zsófia Anna</subfield>
  </datafield>
  <datafield tag="245" ind1="1" ind2="0">
   <subfield code="a">Latina humor in the works of Sandra Cisneros</subfield>
   <subfield code="h">[elektronikus dokumentum] /</subfield>
   <subfield code="c"> Tóth Zsófia Anna</subfield>
  </datafield>
  <datafield tag="260" ind1=" " ind2=" ">
   <subfield code="a">Universidad de Szeged, Departamento de Estudios Hispánicos</subfield>
   <subfield code="b">Szeged</subfield>
   <subfield code="c">2020</subfield>
  </datafield>
  <datafield tag="300" ind1=" " ind2=" ">
   <subfield code="a">609-616</subfield>
  </datafield>
  <datafield tag="490" ind1="0" ind2=" ">
   <subfield code="a">Acta hispanica</subfield>
  </datafield>
  <datafield tag="520" ind1="3" ind2=" ">
   <subfield code="a">The paper discusses three works written by Sandra Cisneros, namely Woman Hollering Creek, The House on Mango Street and Caramelo, from the point of view of women’s humor. With the help of these works, it is argued that Cisneros uses Latina humor in order to highlight intersectional problems concerning her identity and to reveal important facts and features about/of Latino/a existence. The point is made that Cisneros uses comedy and humor to redeem the pain and suffering through laughter instead of utilizing the tragic mode of artistic expression, hence she is able to secure survival and solutions to problems instead of a tragic wallowing in negativity (which interpretive way could also have validity concerning the occurrences which are narrated).</subfield>
  </datafield>
  <datafield tag="650" ind1=" " ind2="4">
   <subfield code="a">Bölcsészettudományok</subfield>
  </datafield>
  <datafield tag="650" ind1=" " ind2="4">
   <subfield code="a">Nyelvek és irodalom</subfield>
  </datafield>
  <datafield tag="695" ind1=" " ind2=" ">
   <subfield code="a">Amerikai irodalom története - 20-21. sz.</subfield>
  </datafield>
  <datafield tag="700" ind1="0" ind2="1">
   <subfield code="a">Cisneros Sandra</subfield>
  </datafield>
  <datafield tag="856" ind1="4" ind2="0">
   <subfield code="u">http://acta.bibl.u-szeged.hu/71007/1/hispanica_2020_supl_609-616.pdf</subfield>
   <subfield code="z">Dokumentum-elérés </subfield>
  </datafield>
 </record>
</collection>
